000
00309nam a22001337a 4500
008
250926b |||||||| |||| 00| 0 eng d
020
_a
978-81-265-3311-4
100
_a
K. Mahesh
245
_a
Theory of Computation
260
_a
New Delhi
_b
Wiley
_c
2017
300
_a
342
650
_a
CSE
942
_2
ddc
_c
BK
999
_c
21538
_d
21538